00540nam a2200169 a 450000100100000000500170001000800410002702000180006804000250008608200210011110000250013224500740015726000370023130000270026850000470029550400280034200004703720201002053315.0180412s2015 dr a 000 0 spa d a9789945123319 aDO-SdBNPbspacBNPHU axxxxbR457c, 2do1 aReyes Báez, Yanett10aCiencias de la naturaleza 2 :bnivel primario /cYanett Reyes Báez. aSanto Domingo :bSusaeta,c2015. a170 p. :bil ;c29 cm. aEnfoque por competencias nuevo currículo aBibliografía : p. 170